| 000 | 00584cam a2200193 4500 | ||
|---|---|---|---|
| 001 | WB3603-03 | ||
| 008 | 000000n2000 000 0 eng u | ||
| 035 | _a(Sirsi) u103711 | ||
| 245 | _aCapital investment pays dividends | ||
| 260 | _c2000 | ||
| 490 |
_aScotsman _v17 January 2000, 4(1) |
||
| 520 | _aDiscusses the boom in Edinburgh's job market which is being fueled by compnaies investing billions of pounds in the capital. | ||
| 590 | _aWB | ||
| 650 | _aEDINBURGH | ||
| 650 | _aINVESTMENT | ||
| 650 | _aEMPLOYMENT | ||
| 690 | _aPROPERTY-COMMERCIAL PROPERTY | ||
| 942 | _n0 | ||
| 999 |
_c62282 _d62282 |
||